| 000 | 00510cam a22001577a 4500 | ||
|---|---|---|---|
| 008 | 180718b1999 xxu||||| |||| 00| 0 eng d | ||
| 020 | _a812150614X | ||
| 082 | _aA99/B322 G351 | ||
| 100 | _aGibb, H.A.R. | ||
| 245 |
_aThe travels of IBN Battuta, A.D. 1325-1354 _cby H.A.R. Gibb |
||
| 260 |
_aNew Delhi _bMunshiram Manoharlal _c1999 |
||
| 300 | _a3v. | ||
| 500 | _aContents: v.1 269p.;v.2 p.270-537p.;v.3 p.538-771p. | ||
| 650 | _aTravelers - A.D. 1325-1354 | ||
| 650 | _aBattuta, IBN - Travel - A.D. 1325-1354 | ||
| 999 |
_c394517 _d394517 |
||